000 00257nam a2200097Ia 4500
008 240331s9999 xx 000 0 und d
082 _bSHA
100 _aShapiro,E
245 4 _aThe women say the men say :
_bwomen liberation and men's consciouseness
942 _cL
999 _c2480
_d2480